| 000 | 01198nam0a22002771 4500 | ||
|---|---|---|---|
| 001 | rc\73268 | ||
| 005 | 20260406115255.0 | ||
| 035 | _a(NLR Aleph) 005345179 | ||
| 090 |
_a6736429 _c6736429 |
||
| 100 | _a20021216d1994 |||y0rusy50 ca | ||
| 101 | 0 | _arus | |
| 102 | _aRU | ||
| 105 | _aa ||||||||| | ||
| 200 | 1 |
_aСваи и свайные фундаменты в условиях Сибири _f[С.И. Черноусов, Э.А. Аблогин, Ю.И. Соловьев и др.] _gПод ред. Ю.И. Соловьева _gСиб. гос. акад. путей сообщ. |
|
| 210 |
_aНовосибирск _cСГАПС _d1994 |
||
| 215 |
_a125, [1] с. _cил. _d21 |
||
| 300 | _aАвт. указаны на обороте тит. л. | ||
| 320 | _aБиблиогр.: с. 121-125 (77 назв.) | ||
| 701 | 1 |
_aЧерноусов _bС.И. _gСидор Иванович |
|
| 702 | 1 |
_aСоловьев _bЮ.И. _gЮрий Ипполитович _4340 |
|
| 712 | 0 | 2 |
_aСибирская академия путей сообщения _cНовосибирск _3RU\NLR\AUTH\8811542 _9295777 |
| 801 | 0 |
_aRU _bNLR _gpsbo |
|
| 801 | 1 |
_aRU _bELAR _2rusmarc |
|
| 852 |
_aNLR _j95-3/4427 |
||
| 942 | _cBOOK | ||
| 980 | _aNB | ||